000
00311nam a22001337a 4500
008
190226b xxu||||| |||| 00| 0 eng d
020
_a
9780323371339
041
_a
eng
080
_a
610.73
100
_a
1
101
_a
INF
245
_a
Fundamentals of Nursing
_c
Yoost, B.L & Crawford, L.R
942
_2
udc
_c
BK
999
_c
54314
_d
54314